00402 2200157 4500001002100000005001500021035002000036245005900056100001500115300001200130260004600142082000800188084001400196020002200210990001200232INLIS00000000000261320250605023659 a0010-06250001991 aSuper Modul KSN Matematika 3 :bGeometri /cAmak Asofi0 aAmak Asofi a181 hlm aJakarta :bPT. Jakarta Sains Media,c2022 a510 a510 AMA s a978-623-6111-18-5 a0754846